MDGs to Agenda 2063/SDGs Transitional Report 2016 : Towards an intergrated and coherent approach to sustainable development in africa (Record no. 50814)
[ view plain ]
| 000 -LEADER | |
|---|---|
| fixed length control field | 00661nam a2200133 a 4500 |
| 008 - FIXED-LENGTH DATA ELEMENTS--GENERAL INFORMATION | |
| fixed length control field | 171012s2016 ||||||||||||||||| || u |
| 020 ## - INTERNATIONAL STANDARD BOOK NUMBER | |
| International Standard Book Number | 9789994468690 |
| 050 ## - LIBRARY OF CONGRESS CALL NUMBER | |
| Classification number | UNECA(058)TR/2016 |
| 110 ## - MAIN ENTRY--CORPORATE NAME | |
| Corporate name or jurisdiction name as entry element | United Nations Economic Commission For Africa(UNECA) |
| 245 10 - TITLE STATEMENT | |
| Title | MDGs to Agenda 2063/SDGs Transitional Report 2016 : Towards an intergrated and coherent approach to sustainable development in africa |
| Statement of responsibility, etc. | By United Nations Economic Commission for Africa (UNECA) |
| 260 ## - PUBLICATION, DISTRIBUTION, ETC. | |
| Place of publication, distribution, etc. | Addis Ababa: |
| Date of publication, distribution, etc. | 2016 |
| 300 ## - PHYSICAL DESCRIPTION | |
| Extent | xx,141p: ill. |
| 995 ## - RECOMMENDATION 995 [LOCAL, UNIMARC FRANCE] | |
| -- | CBU-MAIN LIBRARY (Kitwe) |
| -- | AVAILABLE |
| -- | Jan 30, 2019 |
| -- | International Publications |
| Withdrawn status | Lost status | Source of classification or shelving scheme | Damaged status | Not for loan | Home library | Current library | Shelving location | Date acquired | Total Checkouts | Full call number | Barcode | Date last seen | Price effective from | Koha item type |
|---|---|---|---|---|---|---|---|---|---|---|---|---|---|---|
| CBU-MAIN LIBRARY, KITWE. | CBU-MAIN LIBRARY, KITWE. | 11/30/2022 | UNECA(058)TR/2016 | B3834 | 11/30/2022 | 11/30/2022 | MONOGRAPH |